| 000 | 00601nam a22001577a 4500 | ||
|---|---|---|---|
| 003 | OSt | ||
| 005 | 20150915163407.0 | ||
| 008 | 150915b xxu||||| |||| 00| 0 eng d | ||
| 040 | _cRUA | ||
| 082 | _aAGR KOS 2002 B028 Or.1 | ||
| 100 |
_9547 _aKOSAL, KIRY. |
||
| 245 | _aZea mays saccharata breeder seed production in wet season 2002 ការផលិតពូជជំរើសវីទូ ពោតផ្អែមក្នុងលក្ខខ័ណ្ឌរដូវវស្សាឆ្នាំ ២០០២ | ||
| 260 |
_aPhnom Penh _bRUA _c2002 |
||
| 300 |
_a76p. _bill. _c29cm. |
||
| 942 |
_2ddc _cAGR |
||
| 999 |
_c525 _d525 |
||